00894 a2200193 45000010006000000050017000060080041000230030015000640400040000790800118001192450045002370200018002822640033003003000019003335050222003520410008005741000023005828560095006054120920260407155706.0260407a1995 arg spa dAR-UNSa-BCEJYS aAR-UNSa-BCEJYSbspacAR-UNSa-BCEJYS a343.359xDelitos contra el fisco y otras autoridades administrativas (Derecho Penal Tributario, Delitos fiscales)10aRégimen penal tributario y previsional a950-894-010-7 1aBuenos Aires :bAD-HOCc1995 a263 p.c22 cm. a1. Potestad tributaria – 2. Potestad legislativa en materia penal – 3. Ámbito de aplicación – 4. Ley 23.771 y códigos fiscales – 5. Nuevo régimen penal tributario y previsional – 6. Bien jurídico.  aspa1 aThomas, Ricardo G.41uhttps://biblioeco.unsa.edu.ar/pmb/images/libros/L126445.jpgyImagen de portadaqimage/jpeg